Guess the Gracie Abrams song with no hints #7 - Statistics

General Stats
  • This quiz has been taken 205 times
  • The average score is 189 of 319
Answer Stats
Answer % Correct
I
99%
(I)
99%
mm
98%
Mm
98%
(Mm)
98%
a
94%
you
94%
that
84%
and
82%
And
82%
it
82%
me,
82%
to
82%
To
82%
to?
82%
we
82%
he
81%
Is
80%
is
80%
be
78%
no
78%
go
77%
so
76%
My
75%
my
75%
I'm
74%
know
72%
where
72%
this
67%
when
66%
did
64%
every
64%
just
64%
of
64%
Was
64%
were
64%
Why
64%
feel
63%
what
62%
her
61%
but
60%
But
60%
I'll
60%
should
60%
Oh,
59%
oh,
59%
up
59%
does
57%
If
57%
some
56%
too
56%
think
55%
everythin'
54%
It's
54%
it's
54%
one
54%
home
53%
said
53%
back
51%
I've
51%
difficult,
49%
difficult?
49%
difficult
49%
Difficult
49%
How
49%
how
49%
out
49%
been
48%
Would
48%
would
48%
hope
47%
I'd
47%
knows
47%
never
47%
probably
47%
run
47%
wake
45%
someone
44%
'Cause
43%
guess
43%
isn't
43%
miserable
43%
somethin'
43%
feelin'
42%
invisible
42%
call
41%
only
41%
Spiralin'
41%
double
39%
thinkin'
39%
had,
38%
vision
38%
year,
38%
blue?
37%
really
37%
tell
37%
here
36%
kind
36%
missin'
36%
name
36%
parents
36%
terrible
36%
through
36%
condition,
35%
fell
35%
move
35%
take
35%
there's
35%
thought
35%
bad
34%
scared
34%
slippin'
34%
weekend,
34%
colored
33%
commitment
33%
fault,
33%
left
32%
amplifyin'
31%
one's
31%
therapist,
31%
bored
30%
death,
30%
hundred
30%
less
30%
Away
29%
listen
29%
'Til
29%
over
28%
speakin'
28%
things
27%
attached
26%
sometimes
26%
thousand
26%
years,
25%
decisions
24%
meant
24%
grievin'
23%
late,
23%
stayin'
23%
drinkin'
21%
hated
21%
also,
20%
relivin'
19%
fix
18%
eventually,
14%
ranting
13%
No matching quizzes found
Score Distribution
Percent of People with Each Score
Percentile by Number Answered
Your Score History
You have not taken this quiz